|
|
|
|
| LEADER |
01537cas a2200241 a 4500 |
| 001 |
AALejournalIMF018901 |
| 008 |
230101c9999 xx r poo 0 0eng d |
| 020 |
|
|
|c 5.00 USD
|
| 020 |
|
|
|z 9781484386729
|
| 022 |
|
|
|a 1934-7685
|
| 040 |
|
|
|a BD-DhAAL
|c BD-DhAAL
|
| 110 |
2 |
|
|a International Monetary Fund.
|b Asia and Pacific Dept.
|
| 245 |
1 |
0 |
|a Japan :
|b 2018 Article IV Consultation-Press Release; Staff Report; and Statement by the Executive Director for Japan.
|
| 264 |
|
1 |
|a Washington, D.C. :
|b International Monetary Fund,
|c 2018.
|
| 300 |
|
|
|a 1 online resource (93 pages)
|
| 490 |
1 |
|
|a IMF Staff Country Reports
|
| 500 |
|
|
|a <strong>Off-Campus Access:</strong> No User ID or Password Required
|
| 500 |
|
|
|a <strong>On-Campus Access:</strong> No User ID or Password Required
|
| 506 |
|
|
|a Electronic access restricted to authorized BRAC University faculty, staff and students
|
| 520 |
3 |
|
|a The rapid aging and shrinking of Japan's population will dominate economic policy making in coming decades-impelling a fresh look at the objectives and tools of Abenomics. Six years of Abenomics have yielded some important results, but achieving sustained high growth and durable reflation, while also tackling debt sustainability and a shifting global economic landscape, will require strengthened policies.
|
| 538 |
|
|
|a Mode of access: Internet
|
| 830 |
|
0 |
|a IMF Staff Country Reports; Country Report ;
|v No. 2018/333
|
| 856 |
4 |
0 |
|z Full text available on IMF
|u http://elibrary.imf.org/view/journals/002/2018/333/002.2018.issue-333-en.xml
|z IMF e-Library
|